[Event "15th Kesan Open 2017"]
[Site "Kesan"]
[Date "2017.08.18"]
[Round "9.10"]
[White "Rahmanov, Shahriyar"]
[Black "Karakurt, Fahri"]
[Result "1-0"]
[WhiteElo "2327"]
[BlackElo "1905"]
[Annotator "TA"]
[PlyCount "61"]
[EventCountry "TUR"]
[SourceTitle "playchess.com"]
[Source "ChessBase"]
[SourceQuality "1"]

{[%evp 12,61,20,18,43,35,53,23,53,54,117,108,105,108,134,134,134,134,128,128,133,93,104,105,106,114,107,99,106,103,96,81,87,105,125,124,87,89,170,166,441,433,485,468,773,740,747,651,1067,1075,1055,1047]} 1. d4 d5 2. Nf3 Nf6 3. g3 g6 4. Bg2 Bg7 5. O-O O-O 6. Nbd2 c6 7. b3 {LiveBook: 58 Games} h6 {D02: 1 d4 d5 2 Nf3 sidelines, including 2...Nf6 3 g3 and 2...Nf6 3 Bf4} (7... Ne4 8. Bb2 Bf5 9. c4 Nxd2 10. Qxd2 Be4 11. Rfd1 Nd7 12. Rac1 a5 13. Bh3 Bxf3 14. exf3 e6 15. a4 Qb6 16. Qc2 Rfd8 17. c5 Qc7 18. f4 b6 19. cxb6 Qxb6 20. Qxc6 Qxb3 {0-1 (47) Li,C (2751)-Ponomariov,R (2712) Huaian 2016}) 8. Bb2 Be6 9. Ne5 Ng4 $146 {White has an edge.} ({Predecessor:} 9... Nbd7 10. Nxd7 Qxd7 11. Nf3 Bh3 12. Ne5 Qe6 13. Bxh3 Qxh3 14. f3 h5 {0-1 (45) Hristodorescu,D (2230)-Szabo,G (2526) Eforie Nord 2009}) 10. Nd3 f5 (10... h5 $14) 11. e3 {[%cal Be2e3,Be3e4][%mdl 32]} Nd7 12. Qe2 Bf7 13. f3 Ngf6 14. e4 {Threatens to win with e5.} e6 15. c4 Re8 16. Kh1 g5 17. e5 Nh7 18. a4 a5 19. Ba3 Bf8 20. Bd6 Bxd6 21. exd6 b6 22. Ne5 Rc8 23. f4 g4 24. Rac1 Nxe5 (24... Nb8 $16 {keeps fighting.}) 25. dxe5 $18 c5 $2 {[#]} (25... Nf8 26. Rfe1 Nd7) 26. cxd5 {White is clearly winning.} exd5 {intending ...Qxd6.} 27. Qd3 $1 {[%csl LRd5,LRf5]} c4 (27... Qd7 $142 28. Bxd5 Rb8) 28. bxc4 dxc4 29. Qxf5 Be6 30. Qg6+ Kh8 31. f5 {Precision: White = 76%, Black = 36%.} 1-0